| 000 | 00562nam a2200217 i 4500 | ||
|---|---|---|---|
| 001 | bg | ||
| 100 | 1 |
_aSTEINHAUS, Hugo _d(1887-1972) |
|
| 245 | 1 | 0 |
_aJeszcze 105 zadań Hugona Steinhausa / _coprac. Edward Piegat. |
| 260 |
_aWrocław : _bGiS, _c2000. |
||
| 300 |
_a198 s. : _brys. ; _c21 cm. |
||
| 650 | 9 | _aMatematyka | |
| 655 | _aPodręczniki | ||
| 700 | 1 |
_aPIEGAT, Edward. _eOprac. |
|
| 020 | _a8385941614 | ||
| 040 | _cBPK | ||
| 041 | _apol | ||
| 080 | _a51(07) | ||
| 920 | _a83-85941-61-4 | ||
| 942 | _cKS | ||
| 008 | s pl f |000 0 pol | ||
| 999 |
_c51088 _d51088 |
||
| 856 |
_uhttp://koha.tu.koszalin.pl/cgi-bin/koha/opac-detail.pl?biblionumber=51088 _yKatalog online BPK |
||